000 01490nam a2200373 c 4500
999 _c173349
_d173349
003 BLK
005 20230913005137.0
008 180411b bul|||||r ||||||| ||bul||
010 _aKNG00181741000
040 _aBLK
041 _aBUL
_cBUL
080 _aАнглийска литература
_b821.111
_x-31
_z821.111-31
100 1 _aСкот, Уолтър
_eпърви автор
_9365235
139 _aСкот, Уолтър
_bС 40
245 1 0 _aРоб Рой
_bРоман
_cУолтър Скот; прев. от англ. Теодора Атанасова; худож. Никифор Русков; с послесл. от Огняна Начева Иванова.
250 _a3. изд.
257 _aGBR
260 _bОтечество
_c1983
_aСофия
300 _a384 с.
_bс ил., портр.
_c21 см
380 _aX
490 1 _aИзбрани книги за деца и юноши
500 _aОриг. загл. Rob Roy / Walter Scott. - 1. изд. 1962. - 100 115 тир.
653 _aромани
700 1 _aАтанасова, Теодора
_eпрев. от англ.
_9366376
700 1 _aРусков, Никифор
_eхудож.
_9364263
700 _aИванова, Огняна Начева
_d1947-
_9369792
852 _aЦб 121369
856 4 _qpdf
856 4 _qpdf
942 _cKNG
_n0
_s1
944 _aCR
_c14.09.2015
_lCRON CRON
_k
944 _aED
_c12.10.2017
_lф /
_kЛюдмила_Стоянова
999 _d173349